000 00758nam a22002055i 4500
001 159601
003 ES-MaACL
005 20250821063059.0
008 981201s1877 sp |||| | spa d
040 _aEXT
_bspa
_cEXT
100 1 _aMichelet, Jules,
_d1798-1874
_980919
245 1 4 _aLas mujeres de la revolución /
_cJ. Michelet ; traducción y prólogo de Francisco Cañamaque.
260 _aMadrid :
_bLibrería de Anllo y Rodríguez,
_c1877.
300 _a307 p. ;
_c18 cm.
650 _aMujeres-
_zFrancia-
_vBiografías.
_9157311
651 4 _aFrancia-
_xHistoria-
_y1789-1799, Revolución
_9241176
700 1 _aCañamaque y Jiménez, Francisco,
_d1851-1891
_934730
852 _aES-MaACL
_jG-10305
_z-- Enc. hol.
999 _c159601
_d159601